All 1M+ Cities by Letter - S - Statistics

General Stats
  • This quiz has been taken 322 times
  • The average score is 34 of 54
Answer Stats
Country (State) Population (Millions) City Name % Correct
South Korea 24.7 Seoul
100%
USA (California) 7.85 San Francisco
99%
Chile 7.2 Santiago
99%
Brazil 22.2 Sao Paulo
99%
Singapore 7.8 Singapore
99%
Australia 5.2 Sydney
99%
Dominican Republic 3.9 Santo Domingo
98%
China (Municipality) 35.9 Shanghai
98%
USA (California) 3.3 San Diego
97%
Sweden 2.2 Stockholm
97%
Russia 5.6 Saint Petersburg
96%
USA (Utah) 2.425 Salt Lake City
96%
El Salvador 1.87 San Salvador
96%
USA (Washington) 4.375 Seattle
96%
Bulgaria 1.3 Sofia
95%
Costa Rica 2.35 San Jose
94%
Yemen 2.725 Sana'a
93%
USA (Texas) 2.175 San Antonio
91%
USA (California) 2.075 Sacramento
90%
USA (Puerto Rico) 2.025 San Juan
90%
Germany 2.425 Stuttgart
88%
Japan 2.475 Sapporo
87%
USA (Missouri) 2.35 St. Louis
87%
Spain 1.32 Sevilla
86%
United Kingdom 1.56 Sheffield
83%
Indonesia 6 Surabaya
81%
Brazil 3.6 Salvador
76%
India (Gujarat) 6.4 Surat
66%
United Kingdom 1.16 Southampton
62%
Bolivia 2.075 Santa Cruz
61%
China (Liaoning) 7.9 Shenyang
60%
Iran 1.73 Shiraz
54%
China (Guangdong) 7.7 Shantou
52%
Russia 1.31 Samara
49%
Honduras 1.18 San Pedro Sula
42%
USA (California) 1.25 Stockton
41%
Japan 1.49 Sendai
40%
Tunisia 1.12 Sousse
40%
Russia 1.09 Saratov
37%
Brazil 1.43 Sao Luis
36%
Indonesia 2.2 Semarang
32%
China (Hebei) 4.4 Shijiazhuang
32%
India (Jammu and Kashmir) 1.56 Srinagar
30%
Brazil 1.73 Santos
28%
Mexico 1.21 San Luis Potosi
26%
Argentina 1.01 San Miguel
24%
Indonesia 1.62 Surakarta
21%
Japan 1.14 Shizuoka
19%
China (Anhui) 1.04 Suzhou
18%
India (Tamil Nadu) 1.09 Salem
16%
India (Maharashtra) 1.07 Solapur
13%
Indonesia 1.13 Serang
12%
China (Jiangsu) 1.05 Suqian
8%
China (Hunan) 1.1 Shaoyang
7%
No matching quizzes found
Score Distribution
Percent of People with Each Score
Percentile by Number Answered
Your Score History
You have not taken this quiz